ბათუმის შოთა რუსთაველის სახელმწიფო უნივერსიტეტის ბიბლიოთეკა

ბრძოლა გამარჯვებამდე (ბიბ.ჩანაწერი № 50180)

000 -LEADER
fixed length control field 00598nam a2200205Ia 4500
001 - CONTROL NUMBER
control field 17118
003 - CONTROL NUMBER IDENTIFIER
control field GE_BSU
008 - FIXED-LENGTH DATA ELEMENTS--GENERAL INFORMATION
fixed length control field 181216s||||||||xx |||||||||||||| ||und||
040 ## - CATALOGING SOURCE
Transcribing agency GE_BSU
080 ## - UNIVERSAL DECIMAL CLASSIFICATION NUMBER
Universal Decimal Classification number 821.353.1-1
245 ## - TITLE STATEMENT
Title ბრძოლა გამარჯვებამდე
245 ## - TITLE STATEMENT
Remainder of title ლექსები
260 ## - PUBLICATION, DISTRIBUTION, ETC.
Place of publication, distribution, etc. ბათუმი
260 ## - PUBLICATION, DISTRIBUTION, ETC.
Name of publisher, distributor, etc. აჭარის სახელგამი
260 ## - PUBLICATION, DISTRIBUTION, ETC.
Date of publication, distribution, etc. 1941
300 ## - PHYSICAL DESCRIPTION
Extent 40გვ. ; 14სმ.
653 ## - INDEX TERM--UNCONTROLLED
Uncontrolled term ბრძოლა გამარჯვებამდე
653 ## - INDEX TERM--UNCONTROLLED
Uncontrolled term ლექსები
942 ## - ADDED ENTRY ELEMENTS (KOHA)
Koha item type წიგნი
ეგზემპლარები
Withdrawn status Lost status Damaged status Not for loan Date acquired Barcode Date last seen Price effective from Koha item type
        2018-12-17 21745 2018-12-17 2018-12-17 წიგნი